000 00523nam a2200181Ia 4500
008 191130s2009##################000#0#eng##
020 _a9780195699180
040 _aACL
_cACL
082 _a338 SAC
100 _aSachdeva, Iqbal S
245 _aPublic relations : principles and practices
_cIqbal S Sachdeva
260 _aOxford
_bOxford University Press
_c2009
300 _axvi, 568 p. : ill. ; 24 cm
650 _aPublic relations
990 _a350a177fac10000c6fdeb1794941eb3f
991 _a50408
999 _c47246
_d47246